| 000 | 00420nam a2200181Ia 4500 | ||
|---|---|---|---|
| 001 | 7575 | ||
| 005 | 20260306160505.0 | ||
| 008 | 260306t2006||||xx |||||||||||||| ||spa|| | ||
| 041 | _aESP | ||
| 082 |
_a352.140985 _bA15 |
||
| 100 |
_aAbramonte, Miguel _eAUT |
||
| 245 | 0 | _aAportes para el gobierno regional 2007-2010 | |
| 260 | _c2006 | ||
| 300 |
_a _c |
||
| 650 | _aGEN | ||
| 654 | _aCAN | ||
| 942 |
_cLIB _dJUS _fJUS _2ddc _n |
||
| 999 |
_c7575 _d7575 |
||